| 000 | 00488nam a2200217Ia 4500 | ||
|---|---|---|---|
| 008 | 170918s9999 xx 000 0 und d | ||
| 020 | _a9780545341103 | ||
| 050 | _bS859ho 2009 | ||
| 100 | _aStine, R.L. | ||
| 245 | _aWho's your mummy? / | ||
| 245 | _cby R.L. Stine. | ||
| 260 | _aNew York : | ||
| 260 | _bScholastic, | ||
| 260 | _c2009 | ||
| 300 | _a133 pages : | ||
| 300 | _billustrations ; | ||
| 300 | _c19cm. | ||
| 300 | _eHorrorland ; | ||
| 440 | _a6 | ||
| 500 | _a410 | ||
| 999 |
_c343827 _d343827 |
||